000 00439nam a2200169 a 4500
001 1766481191126
003 YourLibrary
005 20251223144445.0
008 251223s2001##################000#0#eng##
020 _a9780415264761
082 0 4 _a616.89
_bJON
245 1 0 _aInternational Behavioural and Social Sciences Library :
260 _c2001.
650 0 _aPsychiatry.
942 _cENGLISH
040 _aYourLibrary
_beng
_cYourLibrary
999 _c604234
_d604234